| 000 | 01193pam a2200337 a 4500 | ||
|---|---|---|---|
| 999 |
_c325 _d325 |
||
| 001 | 3434791 | ||
| 003 | GZU | ||
| 005 | 20200720143715.0 | ||
| 008 | 911203s1992 nyu b 001 0 eng | ||
| 010 | _a 91045826 | ||
| 020 | _a041590546X | ||
| 020 | _a0415905478 (pbk.) | ||
| 040 |
_aDLC _cDLC _dDLC |
||
| 050 | 0 | 0 |
_aBJ1012 _b.B45 1992 |
| 082 | 0 | 0 |
_a170 _220 |
| 100 | 1 | _aBenhabib, Seyla. | |
| 245 | 1 | 0 |
_aSituating the self : _bgender, community, and postmodernism in contemporary ethics / _cSeyla Benhabib. |
| 260 |
_aNew York : _bRoutledge, _c1992. |
||
| 300 |
_aviii, 266 p. ; _c23 cm. |
||
| 504 | _aIncludes bibliographical references and index. | ||
| 650 | 0 | _aEthics. | |
| 650 | 0 |
_aLiberalism _xPhilosophy. |
|
| 650 | 0 |
_aCommunication _xMoral and ethical aspects. |
|
| 650 | 0 | _aPostmodernism. | |
| 650 | 0 | _aFeminist theory. | |
| 653 | 0 | _aCommunicative ethics. | |
| 856 | 4 | 2 |
_3Publisher description _uhttp://www.loc.gov/catdir/enhancements/fy0651/91045826-d.html |
| 906 |
_a7 _bcbc _corignew _d1 _eocip _f19 _gy-gencatlg |
||
| 942 |
_2lcc _cBK _h1012 _iBEN _kBJ _m1992 |
||